000 00352 a2200157 4500
001 57265
020 _a8528101002
040 _cAnchieta - Pituba
100 _aPennac, Daniel
240 1 0 _aKamô e a idéia do século
_lpor
245 1 0 _aKamô e a idéia do século
300 _a94
362 0 _a1994
650 4 _aLiteratura juvenil
942 _cBK
999 _c57265
_d57265